000 00595nmm a22001817a 4500
003 OSt
005 20240521113729.0
006 eBook
008 240521b |||||||| |||| 00| 0 eng d
040 _cMRSPTU
100 _aMichele Sliger
245 _aSoftware Project Manager's Bridge to Agility, The
250 _a1st
260 _aNew Delhi
_bPearson
_c2008
600 _2Computer Science
856 _3Click here to access the e-book
_uhttps://ebookcentral.proquest.com/lib/gzsptuc/detail.action?docID=5126654&query=Software+Project+Manager%27s+Bridge+to+Agility%2C+The
942 _2ddc
_cEB
_n1
999 _c10346
_d10346